| 000 | 00455nam a22001337a 4500 | ||
|---|---|---|---|
| 999 |
_c1894 _d1894 |
||
| 008 | 200206b ||||| |||| 00| 0 eng d | ||
| 082 | 0 | 0 |
_a347.7 _bI339 |
| 110 |
_976 _aInternational Maritime Organization |
||
| 245 | 1 | 0 |
_aIMO Rule of the road,international regulations for preventing collisions at sea / _cby International Maritime Organization |
| 260 |
_aMumbai: _bBhandarkar Publication, _c2008. |
||
| 300 | _a160 p. | ||
| 650 | 0 | _aMaritime Law | |
| 942 | _cBK | ||